Fundamentos de conocimiento jurd̕ico Ética de la abogaca̕ /

Bibliographic Details
Main Author: Bueno Ochoa, Luis
Format: eBook
Language:Spanish
Published: Madrid: Dykinson, 2021
Subjects:
Online Access:Acceso restringido

MARC

LEADER 00000nam a22000007a 4500
005 20210823124632.0
007 cr|||| ||||
008 210823s2021 es |||||s|||| 00||0 spa d
020 |a 978-84-1377-403-9 
035 |a 33550 
040 |a vLex 
090 |c 12107  |d 12107 
100 1 |a Bueno Ochoa, Luis 
245 1 0 |a Fundamentos de conocimiento jurd̕ico  |h [Recurso electrn̤ico] :  |b Ética de la abogaca̕ /  |c Luis Bueno Ochoa 
256 |a Servicio en ln̕ea 
260 |a Madrid:  |b Dykinson,  |c 2021 
300 |a 1 recurso electrn̤ico 
500 |a La misin̤ de los abogados consiste en tratar de resolver problemas ajenos asesorando, conciliando y/o defendiendo en juicio de manera que la problematizacin̤ es inherente al elenco de funciones que dotan de contenido a su rol profesional. Y problematizar, cuando el contexto natural en el que se desenvuelven los abogados es el de la conflictividad, hace que la proyeccin̤ hacia otros –ad auxilium vocatus– no deje de revolverse, a su vez, contra s ̕mismos. Su modus operandi es un continuo dinamizador de problemas inscritos en la conflictividad interhumana que no se queda en los problemas de los otros sino que atraviesan, con frecuencia, la coraza profesional y llegan hasta el fuero interno de la conciencia. Y es que el desdoblamiento, llm̀ese coartada, que distingue entre la faceta profesional y la personal puede dejar de funcionar. […] Que ir ±a contracorriente» sea una seą de identidad de los abogados les emparenta con… ¿con quiň? Si fue Dworkin quien distingui ̤entre Justice for hedgehogs y Justice for foxes por qu ̌no plantearnos adscribir a los abogados al salmn̤, el pez heroico, en vez de remitirnos al buitre, un ave carroęra, aunque necesaria. Si la respuesta ofrecida no satisface an︢ se puede hacer un l︢timo intento en busca de la justificacin̤ nùtica. Fluctuat nec mergitur, o sea, ±flota sin sumergirse»; o, ±se sacude pero no se hunde», la divisa del escudo de armas de la ciudad de Pars̕ que incorpor ̤Freud en la entradilla de su Historia del movimiento psicoanalt̕ico (1914). Preguntm̌onos, ahora que terminamos para disponernos a empezar: ¿acaso no ser ̀la misin̤ de los abogados nadar, como el salmn̤, ±a contracorriente»? 
506 1 |a Disponible solo en los productos indicados  |d vLex Global  |d vLex Global (Academic Edition, excluding Law Schools)  |d vLex Global (U.S. Academic Edition, Law Schools)  |d vLex Global (U.S. Academic Edition, excluding Law Schools)  |d vLex Global (Academic Edition, Law Schools) 
650 0 4 |a Abogados  |z Espaą 
650 0 4 |a Derecho Militar  |z Espaą 
650 0 4 |a Filosofa̕ y religin̤  |z Espaą 
740 0 |a vLex Libros (Servicio en ln̕ea) 
856 4 0 |u https://app.vlex.com/#/sources/33550  |z Acceso restringido 
942 |c BOOK 
999 0 |a Lawyers 
999 0 |a Military Law 
999 0 |a Philosophy and religion